Will online mean on time? (Record no. 66834)
[ view plain ]
| 000 -LEADER | |
|---|---|
| fixed length control field | 01114cam a2200229 4500 |
| 001 - CONTROL NUMBER | |
| control field | ABS63894 |
| 008 - FIXED-LENGTH DATA ELEMENTS--GENERAL INFORMATION | |
| fixed length control field | 000000n2001 000 0 eng u |
| 035 ## - SYSTEM CONTROL NUMBER | |
| System control number | (Sirsi) u112225 |
| 100 ## - MAIN ENTRY--PERSONAL NAME | |
| Personal name | Hamson, L. |
| 245 ## - TITLE STATEMENT | |
| Title | Will online mean on time? |
| 260 ## - PUBLICATION, DISTRIBUTION, ETC. | |
| Date of publication, distribution, etc. | 2001 |
| 490 ## - SERIES STATEMENT | |
| Series statement | Property Week |
| Volume/sequential designation | (6696) 20 April 2001, 68-69(2) |
| 520 ## - SUMMARY, ETC. | |
| Summary, etc. | Reports on two new online systems which promise to allow users to submit a planning appliction online. ukplanning.com by I-documentsystems which is launched very shortly and will allow users to submit the application and all subsequent documents electronically and then track and monitor the application through its lifecycle. The Planning Inspectorate is issuing its own version of the service shortly with the backing of central government. With a flow chart of how an online application might proceed. |
| 590 ## - LOCAL NOTE (RLIN) | |
| Local note | ABS |
| 650 ## - SUBJECT ADDED ENTRY--TOPICAL TERM | |
| Topical term or geographic name entry element | ONLINE PLANNING |
| 650 ## - SUBJECT ADDED ENTRY--TOPICAL TERM | |
| Topical term or geographic name entry element | I-DOCUMENTSYSTEMS |
| 650 ## - SUBJECT ADDED ENTRY--TOPICAL TERM | |
| Topical term or geographic name entry element | UKPLANNING.COM |
| 650 ## - SUBJECT ADDED ENTRY--TOPICAL TERM | |
| Topical term or geographic name entry element | PLANNING APPLICATIONS |
| 650 ## - SUBJECT ADDED ENTRY--TOPICAL TERM | |
| Topical term or geographic name entry element | LOCAL COUNCILS |
| 690 ## - LOCAL SUBJECT ADDED ENTRY--TOPICAL TERM (OCLC, RLIN) | |
| Topical term or geographic name as entry element | ENVIRONMENTAL AND LAND CONSULTANCY-PLANNING AND DEVELOPMENT |
| 942 ## - ADDED ENTRY ELEMENTS (KOHA) | |
| Suppress in OPAC | 0 |
| Withdrawn status | Lost status | Source of classification or shelving scheme | Damaged status | Not for loan | Home library | Current library | Shelving location | Date acquired | Total Checkouts | Full call number | Barcode | Date last seen | Copy number | Price effective from | Koha item type |
|---|---|---|---|---|---|---|---|---|---|---|---|---|---|---|---|
| Dewey Decimal Classification | London | London | Journal article | 27/04/2001 | ABS63894 | 112225-1001 | 06/08/2019 | 1 | 06/08/2019 | Journal article |